Välimeren maiden pääkaupungit - Statistics

Yleistilastot
  • Tätä visaa on pelattu 520 kertaa
  • Keskiarvotulos 16 / 21
Vastaustilastot
Valtio Pääkaupunki % Oikein
Espanja Madrid
97%
Italia Rooma
96%
Kreikka Ateena
95%
Turkki Ankara
88%
Egypti Kairo
87%
Ranska Pariisi
85%
Kroatia Zagreb
83%
Monaco Monaco
80%
Malta Valletta
79%
Tunisia Tunis
78%
Albania Tirana
77%
Israel Jerusalem
73%
Algeria Alger
71%
Bosnia ja Hertsegovina Sarajevo
68%
Kypros Nikosia
64%
Slovenia Ljubljana
63%
Marokko Rabat
60%
Montenegro Podgorica
58%
Libanon Beirut
57%
Libya Tripoli
56%
Syyria Damaskos
54%
Ehtoja vastaavia visoja ei löytynyt
Tulosjakauma
Jokaisen tuloksen saaneiden osuus
Persentiili vastausten määrän mukaan
Tuloshistoriasi
Et ole pelannut tätä visaa